• 首页
  • 本馆介绍
  • 公告通知
  • 最新文献
  • 馆藏检索
  • 电子资源
  • 读者导购
  • 参考咨询
  • 我的图书馆
  • 登录
  • 详细信息显示
  • 放入我的书架
  • 预约/预借图书
  • 作者相关作品
  • 分类相关作品
  • 丛书相关作品
  • 出版社相关作品

书目信息

  • 表格格式
  • 工作单格式
  • 卡片格式
题名:
视障学生兴趣活动与实践
    
 
作者: 余寿祥 编著
分册: 一  
出版信息: 北京   中国盲文出版社  2008.12
页数:
开本: 38cm
丛书名: 视障教育丛书
单 册:
中图分类: G761.2
科图分类:
主题词: 视觉障碍--学生--活动课程--教学研究--盲文
电子资源:
ISBN: 978-7-5002-2822-6
000 00768oam2 2200241 450
001 1552454100
005 20150202143440.89
010    @a978-7-5002-2822-6
100    @a20120113d2008 em y0chiy0110 ea
101 0  @a盲文
102    @aCN@b110000
105    @ay z 000yy
200 1  @a视障学生兴趣活动与实践@9shi zhang xue sheng xing qu huo dong yu shi jian@h一@f余寿祥编著
210    @a北京@c中国盲文出版社@d2008.12
215    @d38cm
225  2 @a视障教育丛书
330    @a本书主要介绍了如何培养视障学生在文、体、音、美、科技等方面的兴趣与爱好。
461  0 @12001 @a视障教育丛书
606 0  @a视觉障碍@x学生@x活动课程@x教学研究@x盲文
690    @aG761.2@v5
701  0 @a余寿祥@9yu shou xiang@4编著
801  0 @aCN@bTSSF@c20150202
905    @aZUCC@dG761.2@eJY4:1
    
    视障学生兴趣活动与实践.一/余寿祥编著.-北京:中国盲文出版社,2008.12
    38cm.-(视障教育丛书)
    
    
    ISBN 978-7-5002-2822-6:
    本书主要介绍了如何培养视障学生在文、体、音、美、科技等方面的兴趣与爱好。
●
相关链接 在E读中查询图书 在五车中查询图书 在当当中查询图书 在豆瓣中查询图书


正题名:视障学生兴趣活动与实践     索取号:G761.2/JY4:1         预约/预借

序号 登录号 条形码 馆藏地/架位号 状态 备注
1 7864951   278649517   学院路分馆/ [索取号:G761.2/JY4:1] 在馆    
唐山师范学院图书馆 欢迎您!
大连网信软件有限公司© 版权所有